The English you need for business (Record no. 200001119)
[ view plain ]
| 000 -LEADER | |
|---|---|
| fixed length control field | 00927 a2200277 4500 |
| 001 - CONTROL NUMBER | |
| control field | 200001119 |
| 003 - CONTROL NUMBER IDENTIFIER | |
| control field | TR-AnTOB |
| 005 - DATE AND TIME OF LATEST TRANSACTION | |
| control field | 20231221104516.0 |
| 008 - FIXED-LENGTH DATA ELEMENTS--GENERAL INFORMATION | |
| fixed length control field | 100719s2006 hk 000 0 d |
| 020 ## - INTERNATIONAL STANDARD BOOK NUMBER | |
| International Standard Book Number | 962328022X |
| 040 ## - CATALOGING SOURCE | |
| Original cataloging agency | TR-AnTOB |
| 041 ## - LANGUAGE CODE | |
| Language code of text/sound track or separate title | İngilizce |
| 050 14 - LIBRARY OF CONGRESS CALL NUMBER | |
| Classification number | PE |
| Item number | ESP EBUS CUNM 2006 |
| 090 ## - LOCALLY ASSIGNED LC-TYPE CALL NUMBER (OCLC); LOCAL CALL NUMBER (RLIN) | |
| Classification number (OCLC) (R) ; Classification number, CALL (RLIN) (NR) | PE ESP EBUS CUNM 2006 |
| 100 1# - MAIN ENTRY--PERSONAL NAME | |
| Personal name | Cunningham, Mark |
| 9 (RLIN) | 69276 |
| 245 #4 - TITLE STATEMENT | |
| Title | The English you need for business |
| Statement of responsibility, etc. | Mark Cunningham and Lawrence J. Zwier. |
| 264 #1 - PRODUCTION, PUBLICATION, DISTRIBUTION, MANUFACTURE, AND COPYRIGHT NOTICE | |
| Place of production, publication, distribution, manufacture | Hong Kong : |
| Name of producer, publisher, distributor, manufacturer | Compass Publishing, |
| Date of production, publication, distribution, manufacture, or copyright notice | 2006 |
| 300 ## - PHYSICAL DESCRIPTION | |
| Extent | 82 p. : |
| Other physical details | ill. ; |
| Dimensions | 26 cm. |
| Accompanying material | + 1 CD-ROM. |
| 650 ## - SUBJECT ADDED ENTRY--TOPICAL TERM | |
| 9 (RLIN) | 67593 |
| Topical term or geographic name entry element | English language--Business English--Textbooks for foreign speakers. |
| 650 ## - SUBJECT ADDED ENTRY--TOPICAL TERM | |
| Topical term or geographic name entry element | English language |
| General subdivision | Business English |
| Form subdivision | Problems, exercises, etc. |
| 9 (RLIN) | 68962 |
| Topical term or geographic name entry element | English language |
| General subdivision | Business English |
| -- | Study and teaching |
| 9 (RLIN) | 45511 |
| 700 ## - ADDED ENTRY--PERSONAL NAME | |
| Personal name | Zwier, Lawrence J. |
| 9 (RLIN) | 69304 |
| Personal name | Jones, Heather |
| 9 (RLIN) | 68852 |
| 942 ## - ADDED ENTRY ELEMENTS (KOHA) | |
| Koha item type | Mixed Materials |
| Withdrawn status | Lost status | Source of classification or shelving scheme | Not for loan | Collection code | Home library | Current library | Shelving location | Date acquired | Source of acquisition | Cost, normal purchase price | Serial Enumeration / chronology | Inventory number | Total Checkouts | Total Holds | Full call number | Barcode | Date last seen | Date last checked out | Copy number | Cost, replacement price | Date shelved | Koha item type |
|---|---|---|---|---|---|---|---|---|---|---|---|---|---|---|---|---|---|---|---|---|---|---|
| Ödünç Verilebilir / Available | Genel Koleksiyon | Merkez Kütüphane | Merkez Kütüphane | Genel Koleksiyon / Main Collection | 22/06/2010 | Satın Alma / Purchase | 0.00 | 1 | İDE | 1 | PE ESP EBUS CUNM 2006 | 0034046 | 06/07/2017 | 10/04/2017 | 1 | 0.00 | 29/04/2010 | Book | ||||
| Ödünç Verilebilir / Available | Genel Koleksiyon | Merkez Kütüphane | Merkez Kütüphane | Genel Koleksiyon / Main Collection | 22/06/2010 | Satın Alma / Purchase | 0.00 | 1 | PE ESP EBUS CUNM 2006 | CD01421 | 1 | 0.00 | 29/04/2010 | Compact disc |
